<?xml version="1.0" encoding="UTF-8"?>
<record
    xmlns:xsi="http://www.w3.org/2001/XMLSchema-instance"
    xsi:schemaLocation="http://www.loc.gov/MARC21/slim http://www.loc.gov/standards/marcxml/schema/MARC21slim.xsd"
    xmlns="http://www.loc.gov/MARC21/slim">

  <leader>00803nam a2200277 i 4500</leader>
  <datafield tag="999" ind1=" " ind2=" ">
    <subfield code="c">141420</subfield>
    <subfield code="d">141420</subfield>
  </datafield>
  <controlfield tag="001">C2-0344858</controlfield>
  <controlfield tag="003">PPAK</controlfield>
  <controlfield tag="005">20200227221654.0</controlfield>
  <controlfield tag="008">180115s2017    nyua|||| |||||  |   eng d</controlfield>
  <datafield tag="020" ind1=" " ind2=" ">
    <subfield code="a">9781489647757</subfield>
  </datafield>
  <datafield tag="040" ind1=" " ind2=" ">
    <subfield code="a">PPAK</subfield>
    <subfield code="b">eng</subfield>
    <subfield code="c">PPAK</subfield>
    <subfield code="e">rda</subfield>
  </datafield>
  <datafield tag="082" ind1="0" ind2="4">
    <subfield code="a">428.6</subfield>
    <subfield code="2">23</subfield>
  </datafield>
  <datafield tag="090" ind1="0" ind2="0">
    <subfield code="a">428.6</subfield>
    <subfield code="b">ADE</subfield>
    <subfield code="d">K</subfield>
  </datafield>
  <datafield tag="100" ind1="1" ind2=" ">
    <subfield code="a">Adelman, Heidi, </subfield>
    <subfield code="e">author</subfield>
  </datafield>
  <datafield tag="245" ind1="1" ind2="0">
    <subfield code="a">Beautiful ballerinas</subfield>
  </datafield>
  <datafield tag="264" ind1=" " ind2="1">
    <subfield code="a">New York : </subfield>
    <subfield code="b">AV2 by Weigl , </subfield>
    <subfield code="c">2017</subfield>
  </datafield>
  <datafield tag="300" ind1=" " ind2=" ">
    <subfield code="a">32 pages : </subfield>
    <subfield code="b">colour photographs ; </subfield>
    <subfield code="c">26 cm</subfield>
  </datafield>
  <datafield tag="336" ind1=" " ind2=" ">
    <subfield code="2">rdacontent</subfield>
    <subfield code="a">text</subfield>
  </datafield>
  <datafield tag="337" ind1=" " ind2=" ">
    <subfield code="2">rdamedia</subfield>
    <subfield code="a">unmediated</subfield>
  </datafield>
  <datafield tag="338" ind1=" " ind2=" ">
    <subfield code="2">rdacarrier</subfield>
    <subfield code="a">volume</subfield>
  </datafield>
  <datafield tag="490" ind1="1" ind2=" ">
    <subfield code="a">Girl rock series</subfield>
  </datafield>
  <datafield tag="650" ind1="1" ind2="0">
    <subfield code="a">Readers. ; Ballet - Juvenile literature. ; Ballet dancers - Juvenile literature.</subfield>
  </datafield>
  <datafield tag="700" ind1=" " ind2=" ">
    <subfield code="e">author</subfield>
  </datafield>
  <datafield tag="830" ind1=" " ind2="0">
    <subfield code="a">Girl rock series</subfield>
  </datafield>
  <datafield tag="942" ind1=" " ind2=" ">
    <subfield code="c">B</subfield>
    <subfield code="2">ddc</subfield>
  </datafield>
  <datafield tag="952" ind1=" " ind2=" ">
    <subfield code="0">0</subfield>
    <subfield code="7">0</subfield>
    <subfield code="b">PPAK</subfield>
    <subfield code="c">K</subfield>
    <subfield code="d">2018-02-01</subfield>
    <subfield code="l">1</subfield>
    <subfield code="o">K 428.6 ADE</subfield>
    <subfield code="p">A01554532</subfield>
    <subfield code="r">2023-04-15 00:00:00</subfield>
    <subfield code="s">2023-03-25</subfield>
    <subfield code="y">B</subfield>
  </datafield>
</record>
